[Event "Kragero op"]
[Site "Kragero"]
[Date "2024.02.21"]
[Round "2"]
[White "Efroimski, Marsel"]
[Black "Ramirez Garrastacho, Manuel"]
[Result "1-0"]
[WhiteElo "2449"]
[BlackElo "2107"]
[PlyCount "51"]
[EventDate "2024.02.21"]
[EventType "swiss"]
[EventRounds "9"]
[EventCountry "NOR"]
[SourceTitle "CB09_2024"]
[SourceDate "2024.02.28"]
[SourceVersion "1"]
[SourceVersionDate "2024.02.28"]
[SourceQuality "1"]

1. e4 c5 2. Nf3 Nc6 3. Bb5 g6 4. 0-0 Bg7 5. c3 e5 6. d4 cxd4 7. cxd4 exd4 8. Bf4 Nge7 9. Bd6 0-0 10. Nbd2 a6 11. Qa4 b6 12. Qa3 Re8 13. Bc4 Na5 14. Bxf7+ Kxf7 15. b4 Nec6 16. bxa5 Nxa5 17. Rfc1 Nc6 18. Nc4 Re6 19. Nxb6 Qxb6 20. Ng5+ Kg8 21. Nxe6 dxe6 22. Rab1 Qd8 23. Rxc6 Bd7 24. Rxa6 Rc8 25. e5 Qg5 26. Ra8 1-0

[Event "FIDE Grand Swiss (Women)"]
[Site "Douglas"]
[Date "2023.10.27"]
[Round "3"]
[White "Sachdev, Tania"]
[Black "Efroimski, Marsel"]
[Result "0-1"]
[WhiteElo "2389"]
[BlackElo "2447"]
[PlyCount "92"]
[EventDate "2023.10.25"]
[EventType "swiss"]
[EventRounds "11"]
[EventCountry "IOM"]
[SourceTitle "Mega2024 Update 01"]
[Source "Chessbase"]
[SourceDate "2023.11.12"]
[SourceVersion "1"]
[SourceVersionDate "2023.11.12"]
[SourceQuality "1"]

1. d4 Nf6 2. c4 e6 3. Nf3 d5 4. Nc3 Be7 5. Qc2 c5 6. dxc5 d4 7. Nb5 Bxc5 8. Bf4 0-0 9. 0-0-0 Qe7 10. Nbxd4 Bxd4 11. Rxd4 Nc6 12. Bd6 Nxd4 13. Bxe7 Nxc2 14. Bxf8 Kxf8 15. Kxc2 Ng4 16. g3 Nxf2 17. Rg1 b6 18. Ne5 Bb7 19. Bg2 Bxg2 20. Rxg2 Ne4 21. b3 Rc8 22. Kb2 Ke7 23. Nd3 g5 24. Rg1 h5 25. Rc1 f6 26. b4 a5 27. bxa5 bxa5 28. Ka3 Kd6 29. Ka4 Nc5+ 30. Kxa5 Ra8+ 31. Kb5 Nxd3 32. exd3 Rxa2 33. c5+ Kd7 34. c6+ Kc7 35. Re1 Rb2+ 36. Ka5 e5 37. Rf1 Kxc6 38. Rxf6+ Kc5 39. Ka4 Rxh2 40. Rf5 g4 41. Rxe5+ Kd4 42. Rf5 Kxd3 43. Kb4 Ke4 44. Rf4+ Ke3 45. Rf5 h4 46. gxh4 g3 0-1

[Event "EU-Cup (Women) 27th"]
[Site "Durres"]
[Date "2023.10.07"]
[Round "7.4"]
[White "Gaal, Zsoka"]
[Black "Efroimski, Marsel"]
[Result "0-1"]
[WhiteElo "2305"]
[BlackElo "2447"]
[PlyCount "74"]
[EventDate "2023.10.01"]
[EventType "team-swiss"]
[EventRounds "7"]
[EventCountry "ALB"]
[SourceTitle "EXT 2024"]
[Source "ChessBase"]
[SourceDate "2023.10.10"]
[SourceVersion "1"]
[SourceVersionDate "2023.10.10"]
[SourceQuality "1"]
[WhiteTeam "Ajka Garuda (W)"]
[BlackTeam "Superchess"]
[WhiteTeamCountry "HUN"]
[BlackTeamCountry "ROU"]

1. d4 d5 2. c4 e6 3. Nc3 h6 4. cxd5 exd5 5. Bf4 c6 6. e3 Nf6 7. Bd3 Bd6 8. Bxd6 Qxd6 9. h3 Nbd7 10. Nf3 0-0 11. 0-0 b6 12. Rc1 Re8 13. Qc2 Bb7 14. Qb1 c5 15. Nb5 Qb8 16. dxc5 bxc5 17. b4 c4 18. Bf5 Ne5 19. Nbd4 Bc8 20. Nxe5 Qxe5 21. Rfd1 g6 22. Bxg6 fxg6 23. Qxg6+ Kh8 24. Qxh6+ Nh7 25. Nf3 Qf6 26. Qh5 Be6 27. Ne5 Rg8 28. f4 Rg3 29. Nf3 Rag8 30. Ng5 R8xg5 31. fxg5 Qb2 32. Qe8+ Kg7 33. Qe7+ Bf7 34. Rc2 Qxc2 35. Qe5+ Kg8 36. Qxg3 Qxd1+ 37. Kh2 Nf8 0-1

[Event "EU-Cup (Women) 27th"]
[Site "Durres"]
[Date "2023.10.06"]
[Round "6.4"]
[White "Efroimski, Marsel"]
[Black "Zhukova, Natalia"]
[Result "1/2-1/2"]
[WhiteElo "2447"]
[BlackElo "2303"]
[PlyCount "122"]
[EventDate "2023.10.01"]
[EventType "team-swiss"]
[EventRounds "7"]
[EventCountry "ALB"]
[SourceTitle "EXT 2024"]
[Source "ChessBase"]
[SourceDate "2023.10.10"]
[SourceVersion "1"]
[SourceVersionDate "2023.10.10"]
[SourceQuality "1"]
[WhiteTeam "Superchess"]
[BlackTeam "Gaz Ukraine (W)"]
[WhiteTeamCountry "ROU"]
[BlackTeamCountry "UKR"]

1. e4 e5 2. Nf3 Nc6 3. Bb5 a6 4. Ba4 g6 5. Nc3 Bg7 6. Nd5 Nge7 7. d3 Nxd5 8. exd5 Ne7 9. Qe2 0-0 10. Bb3 d6 11. a4 b6 12. 0-0 Bb7 13. c4 c6 14. dxc6 Bxc6 15. Bd2 Nf5 16. Bc3 Re8 17. Bd1 d5 18. Nd2 Nd4 19. Bxd4 exd4 20. Qf3 Qg5 21. Nb3 Rab8 22. a5 Rec8 23. c5 bxc5 24. Nxc5 Rxb2 25. Na4 Bxa4 26. Bxa4 h5 27. Rfb1 Rxb1+ 28. Rxb1 Rc1+ 29. Rxc1 Qxc1+ 30. Qd1 Qc3 31. g3 Qxa5 32. Qb3 Qc3 33. Kg2 Qxb3 34. Bxb3 Kf8 35. Bxd5 Ke7 36. f4 a5 37. Bb3 f6 38. Kf3 f5 39. h4 Bf8 40. Ke2 Kf6 41. Kd1 Bb4 42. Ba4 Ke7 43. Bb3 Bd6 44. Ke2 Bc7 45. Ba4 Bd6 46. Ke1 Ba3 47. Ke2 Bb4 48. Bb5 Bd6 49. Ba4 Bc7 50. Bb5 Bd8 51. Ba4 Kf8 52. Bb5 Bf6 53. Ba4 Ke7 54. Kd2 Bg7 55. Bb5 Kd8 56. Ba4 Bf8 57. Bb5 Bd6 58. Ke2 Ke7 59. Ba4 Bc7 60. Bb5 Bd8 61. Ba4 Bb6 1/2-1/2

[Event "EU-Cup (Women) 27th"]
[Site "Durres"]
[Date "2023.10.02"]
[Round "2.3"]
[White "Hunt, Harriet"]
[Black "Efroimski, Marsel"]
[Result "1-0"]
[WhiteElo "2316"]
[BlackElo "2447"]
[PlyCount "131"]
[EventDate "2023.10.01"]
[EventType "team-swiss"]
[EventRounds "7"]
[EventCountry "ALB"]
[SourceTitle "EXT 2024"]
[Source "ChessBase"]
[SourceDate "2023.10.10"]
[SourceVersion "1"]
[SourceVersionDate "2023.10.10"]
[SourceQuality "1"]
[WhiteTeam "Wood Green (W)"]
[BlackTeam "Superchess"]
[WhiteTeamCountry "ENG"]
[BlackTeamCountry "ROU"]

1. e4 e6 2. Qe2 c5 3. Nf3 Nc6 4. g3 Nge7 5. Bg2 d6 6. 0-0 g6 7. c3 Bg7 8. Na3 b6 9. Rd1 d5 10. e5 c4 11. b3 Ba6 12. bxc4 dxc4 13. Nxc4 0-0 14. d3 b5 15. Ne3 Qa5 16. Bb2 Rad8 17. d4 Nd5 18. Nxd5 exd5 19. Nd2 Rfe8 20. Qf3 Qb6 21. Nf1 Bc8 22. Ne3 Be6 23. h4 h5 24. Qe2 Ne7 25. Ba3 Nf5 26. Nxf5 Bxf5 27. Qb2 Bf8 28. Bxf8 Rxf8 29. Qb3 Qc6 30. a4 bxa4 31. Rxa4 Rb8 32. Rb4 Rxb4 33. Qxb4 Rc8 34. Ra1 Be6 35. Ra3 Rc7 36. Qb8+ Kg7 37. Kh2 Rb7 38. Qd8 Qc4 39. Qf6+ Kg8 40. Qf3 Qc7 41. Bh3 Bxh3 42. Kxh3 Rb5 43. Kg2 a5 44. Qd3 Qb7 45. e6 f5 46. Ra1 Rb6 47. Qe3 Qe7 48. Rxa5 Rxe6 49. Qf3 Re4 50. Rxd5 Qb7 51. Re5 Qb1 52. Rxe4 fxe4 53. Qf6 Kh7 54. c4 Qd3 55. c5 Qc2 56. Qf7+ Kh6 57. Qf4+ Kh7 58. Qe3 Kg7 59. d5 Qc4 60. d6 Qd5 61. Kh2 Kf7 62. Qg5 Qe6 63. Qf4+ Ke8 64. c6 Kd8 65. Qf8+ Qe8 66. c7+ 1-0

[Event "Eindhoven Dutch (Women) Top 10 op"]
[Site "Eindhoven"]
[Date "2023.08.18"]
[Round "9"]
[White "Efroimski, Marsel"]
[Black "Avramidou, Anastasia"]
[Result "1/2-1/2"]
[WhiteElo "2439"]
[BlackElo "2321"]
[PlyCount "72"]
[EventDate "2023.08.10"]
[EventType "tourn"]
[EventRounds "9"]
[EventCountry "NED"]
[EventCategory "3"]
[SourceTitle "CBM 215 Extra"]
[Source "ChessBase"]
[SourceDate "2023.09.30"]
[SourceVersion "1"]
[SourceVersionDate "2023.09.30"]
[SourceQuality "1"]

1. e4 c5 2. Nf3 e6 3. b3 a6 4. Bb2 Nc6 5. c4 Nf6 6. e5 Ng4 7. h3 Nh6 8. Nc3 d6 9. exd6 Bxd6 10. Ne4 f6 11. d4 cxd4 12. Nxd6+ Qxd6 13. Nxd4 0-0 14. Nxc6 Qxc6 15. Qd3 e5 16. 0-0-0 Bf5 17. Qd5+ Qxd5 18. Rxd5 Be4 19. Rd2 Rfd8 20. f3 Rxd2 21. Kxd2 Rd8+ 22. Kc3 Bg6 23. g4 Rd1 24. h4 e4 25. Kc2 Re1 26. h5 e3+ 27. hxg6 e2 28. gxh7+ Kxh7 29. Bxe2 Rxh1 30. Bd3+ Kg8 31. Be4 Rh2+ 32. Kc1 Rh1+ 33. Kc2 Rh2+ 34. Kb1 Rh1+ 35. Kc2 Rh2+ 36. Kb1 Rh1+ 1/2-1/2

[Event "Eindhoven Dutch (Women) Top 10 op"]
[Site "Eindhoven"]
[Date "2023.08.15"]
[Round "6"]
[White "Heinemann, Josefine"]
[Black "Efroimski, Marsel"]
[Result "0-1"]
[WhiteElo "2278"]
[BlackElo "2439"]
[PlyCount "90"]
[EventDate "2023.08.10"]
[EventType "tourn"]
[EventRounds "9"]
[EventCountry "NED"]
[EventCategory "3"]
[SourceTitle "CBM 215 Extra"]
[Source "ChessBase"]
[SourceDate "2023.09.30"]
[SourceVersion "1"]
[SourceVersionDate "2023.09.30"]
[SourceQuality "1"]

1. e4 e6 2. d4 d5 3. Nd2 c5 4. exd5 Qxd5 5. Ngf3 cxd4 6. Bc4 Qd6 7. 0-0 Nf6 8. Nb3 Nc6 9. Nbxd4 Nxd4 10. Nxd4 Be7 11. c3 0-0 12. Qf3 Qc7 13. Bb3 a5 14. Re1 a4 15. Bc2 Ra5 16. Bf4 Bd6 17. Bxd6 Qxd6 18. h3 Qc7 19. Qe2 Nd5 20. Qd3 g6 21. a3 Nf4 22. Qf3 Rg5 23. Kh1 e5 24. Re4 Nxg2 25. h4 Nxh4 26. Rxh4 exd4 27. Qf6 Re5 28. Rg1 Re7 29. cxd4 b5 30. f3 Bb7 31. Be4 Bxe4 32. fxe4 Rfe8 33. e5 Qb7+ 34. Kh2 Re6 35. Qg5 f6 36. Qh6 fxe5 37. d5 Rf6 38. Rg2 e4 39. Qg5 Qc7+ 40. Kg1 Ref8 41. Re2 Qc5+ 42. Qe3 Rf1+ 43. Kg2 Qxe3 44. Rxe3 R8f2+ 45. Kg3 Rf3+ 0-1

[Event "Krakow Euro Pairs Blitz Qual (Women)"]
[Site "Krakow"]
[Date "2023.06.19"]
[Round "1.2"]
[White "Bulmaga, Irina"]
[Black "Efroimski, Marsel"]
[Result "1-0"]
[WhiteElo "2424"]
[BlackElo "2448"]
[PlyCount "119"]
[EventDate "2023.06.19"]
[EventType "tourn (blitz)"]
[EventRounds "7"]
[EventCountry "POL"]
[EventCategory "7"]
[SourceTitle "CBM 214 Extra"]
[Source "ChessBase"]
[SourceDate "2023.07.31"]
[SourceVersion "1"]
[SourceVersionDate "2023.07.31"]
[SourceQuality "1"]
[WhiteTeam "Romania"]
[BlackTeam "Israel"]
[WhiteTeamCountry "ROU"]
[BlackTeamCountry "ISR"]

1. e4 e6 2. d4 d5 3. Nc3 Nf6 4. Bg5 dxe4 5. Nxe4 Nbd7 6. Nf3 h6 7. Nxf6+ Nxf6 8. Be3 Ng4 9. Bd3 Nxe3 10. fxe3 Bd6 11. e4 Bd7 12. e5 Be7 13. Qe2 c5 14. 0-0-0 cxd4 15. Nxd4 Qa5 16. Kb1 Qb6 17. c3 0-0-0 18. Rhf1 f5 19. exf6 gxf6 20. Bf5 e5 21. Bxd7+ Rxd7 22. Nf5 Rhd8 23. Qc4+ Kb8 24. Rxd7 Rxd7 25. Qg8+ Rd8 26. Qc4 Rd2 27. Qg8+ Bd8 28. Qb3 Qxb3 29. axb3 Rxg2 30. h4 Kc7 31. Nxh6 e4 32. Nf5 Rg4 33. h5 Rg5 34. h6 Rh5 35. Kc2 Kd7 36. Rd1+ Kc8 37. Nd6+ Kc7 38. Nf7 Be7 39. Re1 f5 40. Rg1 Kd7 41. Rg7 Ke6 42. h7 Bf6 43. Nd8+ Ke5 44. Rxb7 Bxd8 45. Rxa7 Rh2+ 46. Kc1 Bg5+ 47. Kd1 f4 48. Ra5+ Kf6 49. Ra7 Kf5 50. b4 f3 51. Rf7+ Bf6 52. b5 e3 53. b6 e2+ 54. Kd2 Kg6 55. b7 Be5 56. Rxf3 Kxh7 57. Rf5 Bc7 58. Rf7+ Kg6 59. Rxc7 Kf5 60. b8Q 1-0

[Event "Krakow Euro Pairs Blitz Qual (Women)"]
[Site "Krakow"]
[Date "2023.06.19"]
[Round "6.1"]
[White "Doluhanova, Evgeniya"]
[Black "Efroimski, Marsel"]
[Result "1/2-1/2"]
[WhiteElo "2278"]
[BlackElo "2448"]
[PlyCount "77"]
[EventDate "2023.06.19"]
[EventType "tourn (blitz)"]
[EventRounds "7"]
[EventCountry "POL"]
[EventCategory "7"]
[SourceTitle "CBM 214 Extra"]
[Source "ChessBase"]
[SourceDate "2023.07.31"]
[SourceVersion "1"]
[SourceVersionDate "2023.07.31"]
[SourceQuality "1"]
[WhiteTeam "Ukraine"]
[BlackTeam "Israel"]
[WhiteTeamCountry "UKR"]
[BlackTeamCountry "ISR"]

1. c4 b6 2. b3 c5 3. Bb2 Nc6 4. e3 e5 5. Nf3 e4 6. Ne5 Nxe5 7. Bxe5 Qg5 8. Bg3 f5 9. Nc3 Bb7 10. d3 Nf6 11. Nb5 Kf7 12. dxe4 fxe4 13. Be2 Be7 14. 0-0 Rhf8 15. Nd6+ Bxd6 16. Qxd6 Bc6 17. Bf4 Qf5 18. Rad1 Kg8 19. Qe5 Qg6 20. Qg5 Qf7 21. Bd6 Rfe8 22. Qg3 Qe6 23. h3 Qf7 24. Rd2 Re6 25. Rfd1 Rae8 26. Bf4 Nh5 27. Bxh5 Qxh5 28. Qg5 Qf7 29. Rd6 h6 30. Qg3 Kh7 31. Qh4 Qg6 32. Qg3 Qf7 33. Qh4 Rxd6 34. Rxd6 Re6 35. Qd8 Re8 36. Qh4 Re6 37. Qd8 Re8 38. Qh4 Re6 39. Qd8 1/2-1/2